BST (Batik Solo Trans Indonesia) routes K1 - Statistics

General Stats
  • This quiz has been taken 7 times
  • The average score is 13 of 66
Answer Stats
corridor Bus Stop % Correct
terminal kartasura
100%
k1s Terminal palur
100%
Balai kota
50%
Bandara adi soemarmo
50%
BCA
50%
brigif
50%
BRI kartasura
50%
colomadu
50%
gereja colomadu
50%
Palur plaza
50%
pasar pon
50%
PMI
50%
Rs hermina
50%
rs karima
50%
rs karima
50%
Rs kasih ibu
50%
rs uns
50%
SMPN 1 kartasura
50%
SMPN 1 ngemplak
50%
thiong thing 1
50%
transmart
50%
UMS
50%
vastenburg
50%
wisma batari
50%
asmi
0%
bulog
0%
cembengan
0%
DKT
0%
gapura kleco
0%
gembongan
0%
gendengan
0%
goro
0%
gumpang
0%
jebres 1
0%
jurug 2
0%
klegen
0%
korem 2
0%
luwes
0%
mesen
0%
mitra palur
0%
muhammadiyah 3
0%
ngapeman
0%
nonongan
0%
panggung
0%
pasar gedhe
0%
perbatasan kota
0%
pom bensin gembongan
0%
relasi
0%
rs yarsis
0%
sarwo motor
0%
sekarpace
0%
singopuran
0%
smk 2 batik
0%
smp 1 kartasura
0%
SMP 2 kartasura
0%
sriwedari 1
0%
sriwedari 2
0%
suharti
0%
tanggulsari
0%
tbs selatan
0%
terminal kerten
0%
timlo
0%
timuran
0%
tmp
0%
uns selatan
0%
warung pelem
0%
No matching quizzes found
Score Distribution
Percent of People with Each Score
Percentile by Number Answered
Your Score History
You have not taken this quiz